000 01362cam a2200337 a 4500
001 EDZ0000085042
003 StDuBDS
005 20161031105105.0
006 m||||||||d||||||||
007 cr |||||||||||
008 120516s1997 cau fo| 001|0|eng d
020 _a9781452204918 (ebook) :
_cNo price
040 _aStDuBDS
_beng
_cStDuBDS
_epn
049 _aAlfaisal Main Library
050 0 _aHF5381
_b.C66395 1997
082 0 4 _a331.702
_223
100 1 _aCochran, Larry.
245 1 0 _aCareer counseling
_h[electronic resource] :
_ba narrative approach /
_cLarry Cochran.
260 _aThousand Oaks, Calif. ;
_aLondon :
_bSAGE,
_cc1997.
300 _a1 online resource (x, 165 p.)
504 _aIncludes bibliographical references and index.
520 8 _aIntroducing the theory of narrative construction, Cochran shows how literary models and constructivist methods can be used to inject personal identity into career development, and provide a subjective dimension to career counselling.
521 _aSpecialized.
588 _aDescription based on print version record.
650 0 _aVocational guidance.
655 7 _aElectronic books.
_2local
710 2 _aSage eBooks
776 0 8 _iPrint version :
_z9780761904427
856 4 0 _uhttp://ezproxy.alfaisal.edu/login?url=http://sk.sagepub.com/books/career-counseling
942 _2lcc
_cEBOOKS
999 _c479134
_d479134